00587nam a2200229Ia 4500008004100000020001500041050001200056050001700068100002400085245002700109245003900136245001700175260001900192260002800211260000900239300001600248300002100264300001100285650002000296650002200316999001900338170203s9999 xx 000 0 und d a9710307096 a248.482 b .N934f 2004 aNouwen, Henri J. M. aFinding my way home :  bpathways to life and the spirit /  cHenri Nouwen aQuezon City :  bClaretian Publication,  c2004 a157 pages ; billustrations ;  c19 cm. aChristian life  xCatholic authors. c305417d305417